000 00549ntaaa2200205 4500
003 01
005 20251027202732.0
008 0714s1973 ag 01
040 _aAR-BaBN
_bspa
_cAR-BaBN
_eaacr
_dRIC
082 _a657.0000 P58
100 _aPicoli, Angel M. E.
245 _aElementos de contabilidad
250 _a1 ed.
260 _aBuenos Aires :
_bLibrería del Colegio,
_cc1967
300 _a551 p
500 _aLibro perdido. Juego de fichas retirado 10/5/76
650 _acontabilidad
700 _aPino, Antonino
_927283
942 _cBK
999 _c22586
_d22586